Análisis y rediseño del programa de calidad total para Vidriera Centroamericana S.A

Uloženo v:
Podrobná bibliografie
Hlavní autor: Interiano Z., Daniella
Další autoři: Somarriba S., Laura
Médium: Kniha
Vydáno: San José, Costa Rica 1994
Témata:
Tagy: Přidat tag
Žádné tagy, Buďte první, kdo vytvoří štítek k tomuto záznamu!

MARC

LEADER 00000nam a2200000Ia 4500
003 007445
005 20221231144302.0
008 140114s1993 cr a m 000 ||s d
040 |c cru CEDI 
090 |a TFG 3156 
100 |a Interiano Z., Daniella  |9 11268 
245 |a Análisis y rediseño del programa de calidad total para Vidriera Centroamericana S.A  
260 |c 1994  |a San José, Costa Rica 
300 |a  2 volúmenes : ilustraciones ; 28 cm.  
500 |a  Proyecto de graduacion (licenciatura en ingenieria industrial)--Universidad de Costa Rica. Facultad de Ingeniería. Escuela de Ingenieria Industrial 
650 |x VIDRIERA CENTROAMERICANA (COSTA RICA) - ADMINISTRACION  |9 11270 
700 |9 11269  |a Somarriba S., Laura 
942 |c TFG 
999 |c 19606  |d 19606